| 000 | 00451pab a2200157 454500 | ||
|---|---|---|---|
| 008 | 180718b1998 xxu||||| |||| 00| 0 eng d | ||
| 100 | _aNazir, Nazir A. | ||
| 245 | _aSource of satisfaction and dissatisfaction among teachers (a test of two factor theory) | ||
| 260 | _c1998 | ||
| 300 | _ap.77-92 | ||
| 362 | _aOct-Dec | ||
| 650 | _aTeachers | ||
| 700 | _aAhmad, S. Fayyaz | ||
| 773 | _aIndian Journal of Training and Development | ||
| 909 | _a39802 | ||
| 999 |
_c39802 _d39802 |
||